Saudi Arabia regions - Sudden death - Statistics

General Stats
  • This quiz has been taken 61 times
  • The average score is 8 of 17
Answers on the Grid
Answers color-coded by a green-red scale on the quiz's grid according to % correct below.
Makkah
Jabriya
Ha'il
Hatta
Muharraq
Al Qalah
Dammam
Al Khor
Najran
Dukhan
Al bahah
Al kharj
Al Kharrara
Al jouf
Jazan
Medina
Al khiran
Tabuk
Saar
Ar'ar
Al qassim
Al jahra
Riyadh
Deir ez-Zur
Wadi Al Dawasir
Abha
Al Mafjar
Aseer
Al Hasakah
Jeddah
 
Answer Stats
Answer % Correct
Makkah
94%
Ha'il
63%
Al qassim
56%
Medina
56%
Najran
56%
Riyadh
56%
Tabuk
56%
Jazan
53%
Dammam
50%
Jeddah
50%
Al bahah
44%
Abha
41%
Al jouf
41%
Ar'ar
34%
Aseer
34%
Al kharj
31%
Wadi Al Dawasir
31%
No matching quizzes found
Score Distribution
Percent of People with Each Score
Percentile by Number Answered
Your Score History
You have not taken this quiz